000
00302nam a22001337a 4500
008
190227b xxu||||| |||| 00| 0 eng d
020
_a
9780131447707
041
_a
eng
080
_a
910
100
_a
42
101
_a
GJEO
245
_a
Exercises in Physical Geology
_c
Hamblin, W.K
942
_2
udc
_c
BK
999
_c
54353
_d
54353